000 00620nam a2200205Ia 4500
001 19856
003 GE_BSU
008 181216s||||||||xx |||||||||||||| ||und||
040 _cGE_BSU
080 _a003-0554
245 _aAmerican political Science Review:Volume 110,Number №2,May 2016: Table of Contents.
245 _cLEAD EDITOR:John Ishiyama
260 _aNew York
260 _c2016
300 _a412p;ill;27cm.
653 _aAmerican political Science Review:Volume 110,Number №2,May 2016: Table of Contents.
653 _aნაჩუქარი
653 _aპერიოდიკა
942 _cCR
999 _c52826
_d52826